Contemporary sociological theory : (Record no. 4131)

000 -LEADER
fixed length control field 00964pam a2200277 a 4500
001 - CONTROL NUMBER
control field 4032258
005 - DATE AND TIME OF LATEST TRANSACTION
control field 20190521121322.0
008 - FIXED-LENGTH DATA ELEMENTS--GENERAL INFORMATION
fixed length control field 980527s1999 njua b 001 0 eng
010 ## - LIBRARY OF CONGRESS CONTROL NUMBER
LC control number 98008360
020 ## - INTERNATIONAL STANDARD BOOK NUMBER
International Standard Book Number 0137876564
040 ## - CATALOGING SOURCE
Original cataloging agency DLC
Transcribing agency DLC
Modifying agency DLC
050 00 - LIBRARY OF CONGRESS CALL NUMBER
Classification number HM51
Item number .W15 1999
082 00 - DEWEY DECIMAL CLASSIFICATION NUMBER
Classification number 301/.01
Edition number 5th
100 1# - MAIN ENTRY--PERSONAL NAME
Personal name Wallace, Ruth A.
Dates associated with a name 1999
245 10 - TITLE STATEMENT
Title Contemporary sociological theory :
Remainder of title expanding the classical tradition /
Statement of responsibility, etc Ruth A. Wallace, Alison Wolf.
250 ## - EDITION STATEMENT
Edition statement 5th ed.
260 ## - PUBLICATION, DISTRIBUTION, ETC. (IMPRINT)
Place of publication, distribution, etc Upper Saddle River, N.J. :
Name of publisher, distributor, etc Prentice Hall,
Date of publication, distribution, etc c1999.
300 ## - PHYSICAL DESCRIPTION
Extent xiv, 450 p. :
Other physical details ill. ;
Dimensions 22 cm.
504 ## - BIBLIOGRAPHY, ETC. NOTE
Bibliography, etc Includes bibliographical references (p. 422-429) and index.
650 #0 - SUBJECT ADDED ENTRY--TOPICAL TERM
Topical term or geographic name as entry element Sociology.
650 #0 - SUBJECT ADDED ENTRY--TOPICAL TERM
Topical term or geographic name as entry element Sociology
General subdivision Philosophy.
700 1# - ADDED ENTRY--PERSONAL NAME
Personal name Wolf, Alison.
906 ## - LOCAL DATA ELEMENT F, LDF (RLIN)
a 7
b cbc
c orignew
d 1
e ocip
f 19
g y-gencatlg
942 ## - ADDED ENTRY ELEMENTS (KOHA)
Source of classification or shelving scheme
Item type Book
Holdings
Withdrawn status Lost status Source of classification or shelving scheme Damaged status Not for loan Home library Current library Shelving location Date acquired Total Checkouts Full call number Barcode Date last seen Copy number Price effective from Koha item type
          Riara University Library Riara University Library General stack 21/05/2019   HM51.W15 1999 10222 /19 21/05/2019 C.1 21/05/2019 Book

Riara University Library,
P.O. Box 49940-00100,
Nairobi, Kenya.